Blue light effects in biological systems (Record no. 39972)

MARC details
000 -LEADER
fixed length control field 00345nam a2200133Ia 4500
082 ## - DEWEY DECIMAL CLASSIFICATION NUMBER
Classification number 577.3
Item number SEN
100 ## - MAIN ENTRY--AUTHOR NAME
Personal name SENGER, Horst
245 #0 - TITLE STATEMENT
Title Blue light effects in biological systems
260 ## - PUBLICATION, DISTRIBUTION, ETC. (IMPRINT)
Place of publication Berlin
Name of publisher Springer Verlag
Year of publication 1984
650 ## - SUBJECT ADDED ENTRY--TOPICAL TERM
Topical Term Blue light
650 ## - SUBJECT ADDED ENTRY--TOPICAL TERM
Topical Term Photoreceptors
942 ## - ADDED ENTRY ELEMENTS (KOHA)
Koha item type Books
Holdings
Withdrawn status Lost status Damaged status Not for loan Home library Current library Date acquired Full call number Accession Number Koha item type
        RRII Library RRII Library 16/12/2021 577.3 SEN 20290 Books